01332nam a22002177a 450000500170000000800410001702000170005804000070007508200170008210000150009924500300011425000070014426000540015130000270020536500660023252007270029865000210102565000230104665000230106965000220109220260213155959.0260213b |||||||| |||| 00| 0 eng d a978939516015 cAL a530.41bPILS aS O Pillai aSolid state Physics Ed 10 a10 aNew DelhibNew Age International Publishersc2023 axxix,921pbPBc24x17cm 2PhysicsaMKR-437239519b₹645.05c₹d₹699.00f27-01-2026 aSolid State Physics is authored by eminent author Dr. S.O. Pillai and is published by one of the leading publishers, NEW AGE International Publihsers. This latest Multicolour Edition of the book is intended for the undergraduate and postgraduate students of Solid State Physics. The book is recommended by various IITs, NITs and other prestigious Engineering Colleges. This is one of our best selling books on Solid State Physics. The tenth multicolour edition of this book has been prepared with a few additional features. It includes two new topics–Ultrasonics and some additional miscellaneous problems, which may be of immense use for the students and teachers. Updates in the text have been made wherever necessary. aAtomic Structure aCrystalline Solids aThermal Properties aSuperconductivity